Metapopulation biology: ecology, genetics, and evolution (Record no. 51026)

MARC details
000 -LEADER
fixed length control field 00682nam a2200181 a 4500
008 - FIXED-LENGTH DATA ELEMENTS--GENERAL INFORMATION
fixed length control field 100119s1997 ||||||||||||||||| || u
020 ## - INTERNATIONAL STANDARD BOOK NUMBER
International Standard Book Number 0123234468
050 ## - LIBRARY OF CONGRESS CALL NUMBER
Classification number QH 352 Met
100 ## - MAIN ENTRY--PERSONAL NAME
Personal name Hanski, Ilkka
245 10 - TITLE STATEMENT
Title Metapopulation biology: ecology, genetics, and evolution
Statement of responsibility, etc. edited by Ilkka Hanski, Michael E. Gilpin
260 ## - PUBLICATION, DISTRIBUTION, ETC.
Place of publication, distribution, etc. San Diego, CA
Name of publisher, distributor, etc. Academic Press
Date of publication, distribution, etc. 1997
300 ## - PHYSICAL DESCRIPTION
Extent xiii, 512p.: ill.
350 ## - PRICE (NR) (BK AM CF MU VM SE) [OBSOLETE]
Price 0.00
650 #0 - SUBJECT ADDED ENTRY--TOPICAL TERM
Topical term or geographic name entry element POPULATION BIOLOGY
650 #0 - SUBJECT ADDED ENTRY--TOPICAL TERM
Topical term or geographic name entry element BIOLOGY
700 ## - ADDED ENTRY--PERSONAL NAME
Personal name Gilpin, Michael E
995 ## - RECOMMENDATION 995 [LOCAL, UNIMARC FRANCE]
-- 0.00
-- CBU-MAIN LIBRARY (Kitwe)
-- 1
-- 0.00
-- 1
-- AVAILABLE
-- Mar 5, 2010
-- Main Library Open Access Collection
Holdings
Withdrawn status Lost status Source of classification or shelving scheme Damaged status Not for loan Home library Current library Shelving location Date acquired Total Checkouts Full call number Barcode Date last seen Price effective from Koha item type
          CBU-MAIN LIBRARY, KITWE. CBU-MAIN LIBRARY, KITWE.   11/30/2022   QH 352 Met 740875 11/30/2022 11/30/2022 MONOGRAPH